00760nam a22002057i 4500003000900000005001700009007000300026008003700029020001800066040003000084245006600114264005500180300004500235336002800280337003400308338003100342500011600373500003000489700003500519DO-SdBNP20240408085451.0ta210913b 2021 dr a 00| 0 eng d a9789945098587 aDO-SdBNPbspacBNPHUerda00a¡Jimmy Sierra, inolvidable! /ccorrección, Reynaldo Disla. 1aSanto Domingo :bSoto Castillo Impresores, c2021. a158 páginas :bilustraciones ;c24 cm. 2rdacontent atextobtxt 2rdamedia asin mediaciónbn 2rdacarrier avolumen bnc aArtículos, reflexiones, poemas y otros textos motivados por el fallecimiento del doctor Julio Samuel Sierra. aLa tertulia del teórico1 aDisla, Reynaldo,ecorrección